| 000 | 00420cam a2200157ua 4500 | ||
|---|---|---|---|
| 041 |
_aeng _h |
||
| 082 |
_a954.01 _bMAJ/HI |
||
| 100 | _aMajumdar, R C. | ||
| 245 | 0 | 0 |
_aHistory and culture of the Indian people : The classical age / _cR C Majumdar. _hTextual Documents |
| 250 |
_a1 / _b. |
||
| 260 |
_aMumbai : _bBharatiya Vidya Bhavan , _c1962. |
||
| 300 | _a758 ; . | ||
| 504 | _a | ||
| 942 | _cBK | ||
| 999 |
_c259 _d259 |
||